Normal view
MARC view
- الشهاوى ، قدرى عبد الفتاح
Entry Personal Name
001 - CONTROL NUMBER
- control field: 32466
003 - CONTROL NUMBER IDENTIFIER
- control field: JO-AjAnu
005 - DATE AND TIME OF LATEST TRANSACTION
- control field: 20230606075445.0
008 - FIXED-LENGTH DATA ELEMENTS
- fixed length control field: 230606|| aca||aabn | a|a d
040 ## - CATALOGING SOURCE
- Original cataloging agency: JO-AjAnu
- Transcribing agency: JO-AjAnu
100 ## - HEADING--PERSONAL NAME
- Personal name: الشهاوى ، قدرى عبد الفتاح
670 ## - SOURCE DATA FOUND
- Source citation: Work cat.: (JO-AjAnu)16678: الشهاوى ، قدرى عبد الفتاح , author, شرح قانون التمويل العقاري رقم 148 لسنة 2001 ولائحته التنفيذية الصادرة بالقرار رقم (1) لسنة 2001 والمعدلة بالقرار رقم 465 لسنة 2005